00507nam a2200181Ia 4500003000900000008004100009020002200050040001600072080001600088100001700104245007100121250001200192260005600204300001400260650001500274650001700289700001900306IN-BaIIA211028s9999 xx 000 0 eng d a978-1-4214-0096-9 cIIA Library a523.07bPLA aPlaxco, K. W 0aAstrobiologyba brief introductioncK. W. Plaxco and Michael Gross a2nd ed. aBaltimorebThe Johns Hopkins University Pressc2011 axi, 330p. aExobiology aLife-origine aGross, Michael